Catholic University of Zimbabwe Library
Online Public Access Catalogue
(OPAC)

Theodor Storm's Novellen (Record no. 26799)

MARC details
000 -LEADER
fixed length control field 02198cam a22004934a 4500
001 - CONTROL NUMBER
control field muse86535
003 - CONTROL NUMBER IDENTIFIER
control field MdBmJHUP
005 - DATE AND TIME OF LATEST TRANSACTION
control field 20210127151725.0
006 - FIXED-LENGTH DATA ELEMENTS--ADDITIONAL MATERIAL CHARACTERISTICS
fixed length control field m o d
007 - PHYSICAL DESCRIPTION FIXED FIELD--GENERAL INFORMATION
fixed length control field cr||||||||nn|n
008 - FIXED-LENGTH DATA ELEMENTS--GENERAL INFORMATION
fixed length control field 200531r20201964ncu o 00 0 eng d
020 ## - INTERNATIONAL STANDARD BOOK NUMBER
International Standard Book Number 9781469657943
020 ## - INTERNATIONAL STANDARD BOOK NUMBER
Canceled/invalid ISBN 1469657945
020 ## - INTERNATIONAL STANDARD BOOK NUMBER
Canceled/invalid ISBN 9780807880470
035 ## - SYSTEM CONTROL NUMBER
System control number (OCoLC)1157988569
040 ## - CATALOGING SOURCE
Original cataloging agency MdBmJHUP
Transcribing agency MdBmJHUP
041 0# - LANGUAGE CODE
Language code of text/sound track or separate title eng
-- ger
050 #4 - LIBRARY OF CONGRESS CALL NUMBER
Classification number PT2528.Z6
Item number M36 1964
100 1# - MAIN ENTRY--PERSONAL NAME
Personal name McCormick, Edward Allen,
Relator term author.
245 10 - TITLE STATEMENT
Title Theodor Storm's Novellen
Remainder of title Essays on Literary Technique /
Statement of responsibility, etc. by E. Allen McCormick.
264 #1 - PRODUCTION, PUBLICATION, DISTRIBUTION, MANUFACTURE, AND COPYRIGHT NOTICE
Name of producer, publisher, distributor, manufacturer Project Muse,
264 #3 - PRODUCTION, PUBLICATION, DISTRIBUTION, MANUFACTURE, AND COPYRIGHT NOTICE
Name of producer, publisher, distributor, manufacturer Project MUSE,
300 ## - PHYSICAL DESCRIPTION
Extent 1 online resource (1 EPUB unpaged.)
490 0# - SERIES STATEMENT
Series statement UNC studies in the Germanic languages and literatures ;
Volume/sequential designation number 47
500 ## - GENERAL NOTE
General note Issued as part of book collections on Project MUSE.
504 ## - BIBLIOGRAPHY, ETC. NOTE
Bibliography, etc. note Includes bibliographical references.
506 0# - RESTRICTIONS ON ACCESS NOTE
Terms governing access Open Access
Standardized terminology for access restriction Unrestricted online access
Source of term star
520 ## - SUMMARY, ETC.
Summary, etc. These six essays elucidate some of the more significant aspects of Storm's literary technique. The treatments of some of Storm's Novellen, including Am Kamin, Aquis Submersus and two versions of Immensee, show how Storm used structure, symbolism, elements of tragedy and other narrative devices in his prodigious body of works of German Realism.
588 ## - SOURCE OF DESCRIPTION NOTE
Source of description note Description based on print version record.
600 11 - SUBJECT ADDED ENTRY--PERSONAL NAME
Personal name Storm, Theodor,
Dates associated with a name 1817-1888
General subdivision Criticism and interpretation.
600 11 - SUBJECT ADDED ENTRY--PERSONAL NAME
Personal name Storm, Theodor,
Dates associated with a name 1817-1888.
Title of a work Novellen.
655 #0 - INDEX TERM--GENRE/FORM
Genre/form data or focus term Electronic books.
655 #7 - INDEX TERM--GENRE/FORM
Genre/form data or focus term Electronic books.
Source of term local
710 2# - ADDED ENTRY--CORPORATE NAME
Corporate name or jurisdiction name as entry element Project Muse,
Relator term distributor.
776 18 - ADDITIONAL PHYSICAL FORM ENTRY
Relationship information Print version:
Record control number (DLC) 64064253
International Standard Book Number 9780807880470
-- 0807880477
710 2# - ADDED ENTRY--CORPORATE NAME
Corporate name or jurisdiction name as entry element Project Muse.
Relator term distributor
830 #0 - SERIES ADDED ENTRY--UNIFORM TITLE
Uniform title University of North Carolina studies in the Germanic languages and literatures ;
Volume/sequential designation no. 47.
830 #0 - SERIES ADDED ENTRY--UNIFORM TITLE
Uniform title Book collections on Project MUSE.
856 40 - ELECTRONIC LOCATION AND ACCESS
Public note Full text available:
Uniform Resource Identifier <a href="https://muse.jhu.edu/book/75804/">https://muse.jhu.edu/book/75804/</a>
Holdings
Withdrawn status Lost status Source of classification or shelving scheme Damaged status Not for loan Home library Current library Shelving location Date acquired Total Checkouts Full call number Date last seen Uniform Resource Identifier Price effective from Koha item type
          Digital Library Digital Library Online Access 27.01.2021   PT2528.Z6 M36 1964 27.01.2021 https://muse.jhu.edu/book/75804/ 27.01.2021 eBook

OPENING HOURS

Weekdays: 0815hrs - 1800hrs
Weekends:0900hrs - 1200hrs

Closed for Mass:

Mon, Thur: 1200hrs - 1300hrs
Sunday & Public Holiday’s

CALL SUPPORT

0242-570570, 0242-570169
09200664, +263 8644140602

LOCATION

18443, Cranborne Avenue, Hatfield, Harare

Other Links


©2021 | CUZ Library